[Event "EU-ch Seniors 13th"]
[Site "Plovdiv"]
[Date "2013.03.18"]
[Round "8"]
[White "Ozbilen, Hayri"]
[Black "Batakovs, Olegs N"]
[Result "0-1"]
[WhiteElo "2007"]
[BlackElo "2123"]
[PlyCount "88"]
[EventDate "2013.03.11"]
[EventType "swiss"]
[EventRounds "9"]
[EventCountry "BUL"]
[SourceTitle "CBM 153 Extra"]
[Source "ChessBase"]
[SourceDate "2013.04.22"]
[SourceVersion "1"]
[SourceVersionDate "2013.04.22"]
[SourceQuality "1"]

1. e4 c5 2. Nc3 Nc6 3. f4 e6 4. Nf3 d6 5. d4 cxd4 6. Nxd4 Nf6 7. Be2 Be7 8. 0-0 0-0 9. Kh1 a6 10. Be3 Bd7 11. Bf3 Qc7 12. a4 Na5 13. Qe1 Nc6 14. Qf2 Rac8 15. Nde2 Nb4 16. Rfc1 e5 17. a5 Bc6 18. Bb6 Qb8 19. Ra3 Bd7 20. Rb3 Nc6 21. f5 Bd8 22. Rd1 Nxa5 23. Bxd8 Rfxd8 24. Ra3 Nc4 25. Ra2 Qc7 26. b3 Nb6 27. g4 h6 28. h4 Nh7 29. Ra5 Bc6 30. Qg3 f6 31. Rd3 Nd7 32. Ra1 Nc5 33. Nd5 Bxd5 34. Rxd5 Nd7 35. Rad1 Nb6 36. R5d2 Qc5 37. c4 a5 38. Nc3 a4 39. bxa4 Nxc4 40. Rd5 Qb4 41. Be2 Nb2 42. Rb5 Qa3 43. Rc1 Nxa4 44. Qd3 Qxc1+ 0-1

[Event "EU-ch Seniors 13th"]
[Site "Plovdiv"]
[Date "2013.03.17"]
[Round "7"]
[White "Gruzmann, Boris"]
[Black "Ozbilen, Hayri"]
[Result "1-0"]
[WhiteElo "2284"]
[BlackElo "2007"]
[PlyCount "59"]
[EventDate "2013.03.11"]
[EventType "swiss"]
[EventRounds "9"]
[EventCountry "BUL"]
[SourceTitle "CBM 153 Extra"]
[Source "ChessBase"]
[SourceDate "2013.04.22"]
[SourceVersion "1"]
[SourceVersionDate "2013.04.22"]
[SourceQuality "1"]

1. e4 c5 2. Nf3 Nc6 3. d4 cxd4 4. Nxd4 Nf6 5. Nc3 e5 6. Ndb5 d6 7. Nd5 Nxd5 8. exd5 Nb8 9. c4 Be7 10. Be2 0-0 11. 0-0 f5 12. c5 a6 13. cxd6 Bxd6 14. Nxd6 Qxd6 15. f4 e4 16. Be3 Rd8 17. Rc1 Nd7 18. Qb3 Kh8 19. Rfd1 Nf6 20. g3 Nd7 21. a4 b5 22. Rc6 Qb8 23. a5 Bb7 24. Re6 Nf6 25. d6 Bc8 26. Re7 Rg8 27. Qf7 Bd7 28. Rxd7 Nxd7 29. Qxd7 Qf8 30. Bb6 1-0

[Event "Istanbul op-A 11th"]
[Site "Istanbul"]
[Date "2012.09.03"]
[Round "4"]
[White "Ozbilen, Hayri"]
[Black "Ozgur, Emre"]
[Result "1/2-1/2"]
[WhiteElo "2021"]
[BlackElo "1753"]
[PlyCount "134"]
[EventDate "2012.08.30"]
[EventType "swiss"]
[EventRounds "9"]
[EventCountry "TUR"]
[SourceTitle "CBM 150 Extra"]
[Source "ChessBase"]
[SourceDate "2012.10.19"]
[SourceVersion "1"]
[SourceVersionDate "2012.10.19"]
[SourceQuality "1"]

1. e4 e6 2. d3 d5 3. Nd2 e5 4. Ngf3 Nc6 5. g3 Nf6 6. Bg2 dxe4 7. dxe4 Bc5 8. 0-0 0-0 9. Qe2 Qe7 10. c3 a5 11. Nb3 Bb6 12. Be3 Bxe3 13. Qxe3 b6 14. Rfd1 a4 15. Nbd2 Ng4 16. Qe1 Ba6 17. Bf1 Bxf1 18. Nxf1 Rad8 19. h3 Nf6 20. Ne3 Qc5 21. Nf5 Ne7 22. N3h4 Nxf5 23. Nxf5 g6 24. Nh6+ Kg7 25. Ng4 h5 26. Nxf6 Kxf6 27. Qe2 b5 28. Rd3 Rxd3 29. Qxd3 Qc4 30. Qxc4 bxc4 31. Rd1 Rb8 32. Rd2 Rb6 33. Kf1 Ke6 34. f4 f5 35. exf5+ Kxf5 36. fxe5 Kxe5 37. Re2+ Kf5 38. Rf2+ Ke4 39. a3 Kd3 40. Ke1 Ke3 41. Kf1 Rd6 42. Rf4 Rd1+ 43. Kg2 Rd2+ 44. Kf1 Kd3 45. Rd4+ Kc2 46. Rxc4 Kxb2 47. Rxa4 Kxc3 48. Ra6 Rd6 49. Ra5 Kc4 50. Kf2 c5 51. Ke3 Rd5 52. Ke4 Rf5 53. g4 hxg4 54. hxg4 Rf1 55. Ke3 Rf6 56. a4 Kb4 57. Rb5+ Kc4 58. Rb1 Ra6 59. Rf1 Kb3 60. g5 c4 61. Rf6 Rxf6 62. gxf6 c3 63. f7 c2 64. Kd2 Kb2 65. f8Q c1Q+ 66. Ke2 Qc4+ 67. Kd2 Qc2+ 1/2-1/2

[Event "Wch Seniors 21st"]
[Site "Rijeka"]
[Date "2011.11.16"]
[Round "2"]
[White "Lederman, Leon S"]
[Black "Ozbilen, Hayri"]
[Result "1-0"]
[WhiteElo "2267"]
[BlackElo "2020"]
[PlyCount "59"]
[EventDate "2011.11.15"]
[EventType "swiss"]
[EventRounds "11"]
[EventCountry "CRO"]
[SourceTitle "CBM 145 Extra"]
[Source "ChessBase"]
[SourceDate "2012.01.03"]
[SourceVersion "1"]
[SourceVersionDate "2012.01.03"]
[SourceQuality "1"]

1. e4 e5 2. Nf3 Nc6 3. Bb5 a6 4. Ba4 Nf6 5. 0-0 Nxe4 6. d4 b5 7. Bb3 d5 8. dxe5 Be6 9. Qe2 Bc5 10. Be3 0-0 11. Rd1 Na5 12. Nbd2 Nxb3 13. cxb3 Nxd2 14. Rxd2 Bb4 15. Rdd1 Bg4 16. Rd4 Bxf3 17. Qxf3 Qe7 18. Rxd5 c6 19. Rd4 Rfe8 20. Qxc6 Rec8 21. Qe4 Bc5 22. Rd3 Re8 23. Bxc5 Qxc5 24. Rd5 Qc6 25. Qd4 Qc2 26. Re1 h6 27. f4 g6 28. h3 Re6 29. Rc5 Qf5 30. g4 1-0

[Event "Wch Seniors 21st"]
[Site "Rijeka"]
[Date "2011.11.15"]
[Round "1"]
[White "Ozbilen, Hayri"]
[Black "Yasseen, Aly"]
[Result "1-0"]
[WhiteElo "2020"]
[BlackElo "2342"]
[PlyCount "81"]
[EventDate "2011.11.15"]
[EventType "swiss"]
[EventRounds "11"]
[EventCountry "CRO"]
[SourceTitle "CBM 145 Extra"]
[Source "ChessBase"]
[SourceDate "2012.01.03"]
[SourceVersion "1"]
[SourceVersionDate "2012.01.03"]
[SourceQuality "1"]

1. e4 c5 2. Nc3 Nc6 3. d3 d6 4. g3 g6 5. Bg2 Bg7 6. Nge2 e5 7. 0-0 Nge7 8. f4 f5 9. Nd5 0-0 10. Nec3 Nxd5 11. Nxd5 Be6 12. exf5 Bxf5 13. c3 Qd7 14. Be3 Rae8 15. Qb3 Kh8 16. Rad1 b5 17. Be4 Bxe4 18. dxe4 exf4 19. Bxf4 Rxe4 20. Qxb5 Rfe8 21. Rd2 h6 22. Rdf2 Re1 23. Kg2 Rxf1 24. Rxf1 Rb8 25. Qe2 Qb7 26. b3 Nd4 27. Qe4 Nf5 28. Bd2 Ne7 29. c4 Nf5 30. g4 Nh4+ 31. Kg3 g5 32. Qe6 Qc6 33. Re1 Rf8 34. h3 Rf3+ 35. Kh2 Rf2+ 36. Kh1 Rxd2 37. Qf7 Kh7 38. Re7 Rd1+ 39. Kh2 Rd2+ 40. Kg1 Rd1+ 41. Kf2 1-0

[Event "Wch Seniors 20th"]
[Site "Arco"]
[Date "2010.10.30"]
[Round "5"]
[White "Simon Padros, Emili"]
[Black "Ozbilen, Hayri"]
[Result "1-0"]
[WhiteElo "2241"]
[BlackElo "2114"]
[PlyCount "81"]
[EventDate "2010.10.26"]
[EventType "swiss"]
[EventRounds "11"]
[EventCountry "ITA"]
[SourceTitle "EXT 2011"]
[Source "ChessBase"]
[SourceDate "2010.11.26"]
[SourceVersion "1"]
[SourceVersionDate "2010.11.26"]
[SourceQuality "1"]

1. e4 c5 2. Nf3 Nc6 3. d4 cxd4 4. Nxd4 Nf6 5. Nc3 e5 6. Ndb5 d6 7. Bg5 a6 8. Na3 b5 9. Nd5 Be7 10. Bxf6 Bxf6 11. c4 b4 12. Nc2 a5 13. g3 Bg5 14. Bg2 Rb8 15. b3 0-0 16. 0-0 Be6 17. Qd3 Ne7 18. Nxe7+ Qxe7 19. Rad1 Rfd8 20. Kh1 Bf6 21. Ne3 g5 22. Qe2 Qf8 23. Rd3 Be7 24. Rfd1 Rdc8 25. Bf3 Qh6 26. Bg4 Rc7 27. Bf5 Ra8 28. Qd2 Rc6 29. Kg2 Qg7 30. Qe2 Qh6 31. Qg4 Qf6 32. Qh5 Qg7 33. Qh3 g4 34. Nxg4 Bxf5 35. exf5 f6 36. Ne3 a4 37. Nd5 axb3 38. axb3 Ra3 39. Qh5 Kf8 40. Qf3 Qf7 41. Nxe7 1-0

[Event "EU-chT Seniors 12th"]
[Site "Dresden"]
[Date "2010.02.17"]
[Round "8"]
[White "Harestad, Thor Geir"]
[Black "Ozbilen, Hayri"]
[Result "1-0"]
[WhiteElo "2215"]
[BlackElo "2109"]
[PlyCount "121"]
[EventDate "2010.02.10"]
[EventType "team-swiss"]
[EventRounds "9"]
[EventCountry "GER"]
[SourceTitle "CBM 134 Extra"]
[Source "ChessBase"]
[SourceDate "2010.03.03"]
[SourceVersion "1"]
[SourceVersionDate "2010.03.03"]
[SourceQuality "1"]
[WhiteTeam "Norway (Seniors)"]
[BlackTeam "Turkey (Seniors)"]
[WhiteTeamCountry "NOR"]
[BlackTeamCountry "TUR"]

1. d4 d5 2. Nf3 Nf6 3. c4 c6 4. Nc3 e6 5. Qc2 Be7 6. Bg5 0-0 7. e3 Nbd7 8. cxd5 exd5 9. Bd3 Re8 10. 0-0 Ne4 11. Bf4 f5 12. Nxd5 Bd6 13. Bxd6 cxd5 14. Bc7 Qe7 15. Rac1 Ndf6 16. Be5 Bd7 17. Qb3 Bc6 18. Rc2 a6 19. Rfc1 Rac8 20. a3 Qd7 21. Qb4 Qf7 22. Bxf6 gxf6 23. Bxa6 Qd7 24. Bd3 Nd6 25. b3 Kh8 26. a4 Ra8 27. Nh4 Rg8 28. g3 f4 29. exf4 Ne4 30. Ng2 Qh3 31. Bf1 Qh6 32. Qe1 Rae8 33. Qd1 f5 34. Qf3 Qd6 35. Ne3 Bd7 36. Bh3 Ref8 37. Kh1 Qb6 38. Qd1 Qxb3 39. Bg2 Bxa4 40. Bxe4 fxe4 41. Qh5 Bc6 42. Qe5+ Rg7 43. Nf5 Rxf5 44. Qxf5 Qf3+ 45. Kg1 e3 46. Qf8+ Rg8 47. Qf6+ Rg7 48. Qe5 exf2+ 49. Rxf2 Qa3 50. Rcc2 Qa1+ 51. Kg2 Qb1 52. f5 h6 53. f6 Rf7 54. Qe6 Kg8 55. Qg4+ Kf8 56. Qc8+ Be8 57. Rce2 Qb5 58. Qh3 Rh7 59. Re7 Qd3 60. Rxe8+ Kxe8 61. f7+ 1-0

[Event "EU-chT Seniors 12th"]
[Site "Dresden"]
[Date "2010.02.10"]
[Round "1"]
[White "Ozbilen, Hayri"]
[Black "Kalmutzki, Manfred"]
[Result "1-0"]
[WhiteElo "2109"]
[BlackElo "1954"]
[PlyCount "91"]
[EventDate "2010.02.10"]
[EventType "team-swiss"]
[EventRounds "9"]
[EventCountry "GER"]
[SourceTitle "CBM 134 Extra"]
[Source "ChessBase"]
[SourceDate "2010.03.03"]
[SourceVersion "1"]
[SourceVersionDate "2010.03.03"]
[SourceQuality "1"]
[WhiteTeam "Turkey (Seniors)"]
[BlackTeam "Stiftung BSW/DBAG (Seniors) IV"]
[WhiteTeamCountry "TUR"]
[BlackTeamCountry "GER"]

1. Nf3 d5 2. c4 e6 3. b3 f5 4. Bb2 Nf6 5. e3 Bd6 6. d4 c6 7. c5 Bc7 8. Nbd2 Nbd7 9. b4 Ne4 10. Nb3 0-0 11. g3 Qe7 12. Bg2 e5 13. 0-0 g5 14. Nxe5 Nxe5 15. dxe5 Bxe5 16. Bxe5 Qxe5 17. f4 Qc3 18. Qd4 Qxd4 19. exd4 g4 20. Nc1 a5 21. Nd3 axb4 22. Nxb4 Ra4 23. Rfb1 Rf7 24. a3 Re7 25. Re1 Kf7 26. Bxe4 fxe4 27. Kf2 Kf6 28. Ke3 Bf5 29. Kd2 Bc8 30. Kc3 Be6 31. Kb3 Ra7 32. Nc2 Re8 33. Ne3 Bf5 34. h3 gxh3 35. g4 Bc8 36. Rh1 Rg8 37. Rxh3 Bxg4 38. Rxh7 Bc8 39. Rah1 Rg3 40. R1h6+ Rg6 41. Rxg6+ Kxg6 42. Rh8 Bd7 43. Rd8 Bh3 44. Rd6+ Kf7 45. f5 Ra8 46. Rh6 1-0

[Event "EU-ch Seniors 09th"]
[Site "Rogaska Slatina"]
[Date "2009.07.28"]
[Round "7"]
[White "Svensson, Leif"]
[Black "Ozbilen, Hayri"]
[Result "1-0"]
[WhiteElo "2165"]
[BlackElo "2100"]
[PlyCount "63"]
[EventDate "2009.07.22"]
[EventType "swiss"]
[EventRounds "9"]
[EventCountry "SLO"]
[SourceTitle "CBM 131 Extra"]
[Source "ChessBase"]
[SourceDate "2009.09.03"]
[SourceVersion "2"]
[SourceVersionDate "2009.09.16"]
[SourceQuality "1"]

1. d4 Nf6 2. Nc3 c5 3. d5 d6 4. e4 g6 5. f4 Bg7 6. Bb5+ Kf8 7. a4 Bg4 8. Nf3 Na6 9. 0-0 Nc7 10. Be2 a6 11. Qe1 Rb8 12. a5 Bd7 13. Bc4 Bb5 14. Qe2 Qd7 15. Bd2 e6 16. Bxb5 axb5 17. dxe6 Qxe6 18. e5 Nfe8 19. Nxb5 f5 20. Nxc7 Nxc7 21. c4 h6 22. Bc3 Kg8 23. Rad1 Re8 24. Qd3 dxe5 25. Nxe5 Kh7 26. Qd7 Re7 27. Qd3 Ree8 28. Rfe1 Qc8 29. Qd7 Ne6 30. Qf7 Nxf4 31. Nxg6 Nh5 32. Ne7 1-0

[Event "EU-ch Seniors 09th"]
[Site "Rogaska Slatina"]
[Date "2009.07.27"]
[Round "6"]
[White "Ozbilen, Hayri"]
[Black "Kristiansen, Erling"]
[Result "1-0"]
[WhiteElo "2100"]
[BlackElo "2218"]
[PlyCount "54"]
[EventDate "2009.07.22"]
[EventType "swiss"]
[EventRounds "9"]
[EventCountry "SLO"]
[SourceTitle "CBM 131 Extra"]
[Source "ChessBase"]
[SourceDate "2009.09.03"]
[SourceVersion "2"]
[SourceVersionDate "2009.09.16"]
[SourceQuality "1"]

1. e4 e5 2. Nf3 Nc6 3. Bb5 a6 4. Ba4 Nf6 5. 0-0 Be7 6. Re1 b5 7. Bb3 0-0 8. a4 Bb7 9. d3 d6 10. Nc3 Na5 11. Ba2 b4 12. Ne2 b3 13. Bd2 bxc2 14. Qxc2 c5 15. Ng3 Bc8 16. Nh4 Nc6 17. Nhf5 Rb8 18. Bc3 Nb4 19. Bxb4 Rxb4 20. Bc4 a5 21. b3 g6 22. Ne3 Be6 23. Ne2 d5 24. exd5 Nxd5 25. Nc3 Nf4 26. Rad1 Qa8 27. Ne4 Rfb8 1-0

[Event "EU-ch Seniors 09th"]
[Site "Rogaska Slatina"]
[Date "2009.07.24"]
[Round "3"]
[White "Bogdanov, Valentin"]
[Black "Ozbilen, Hayri"]
[Result "1-0"]
[WhiteElo "2395"]
[BlackElo "2100"]
[PlyCount "83"]
[EventDate "2009.07.22"]
[EventType "swiss"]
[EventRounds "9"]
[EventCountry "SLO"]
[SourceTitle "CBM 131 Extra"]
[Source "ChessBase"]
[SourceDate "2009.09.03"]
[SourceVersion "2"]
[SourceVersionDate "2009.09.16"]
[SourceQuality "1"]

1. d4 Nf6 2. c4 c5 3. d5 b5 4. cxb5 a6 5. bxa6 Bxa6 6. Nc3 d6 7. Nf3 g6 8. e4 Bxf1 9. Kxf1 Bg7 10. g3 0-0 11. Kg2 Nbd7 12. Re1 Ng4 13. Nd2 Nge5 14. Qe2 Nb6 15. f4 Ned7 16. Nf3 Ra7 17. Qc2 Qa8 18. Re2 Rb8 19. Rb1 Qb7 20. b3 Qa6 21. Bb2 Qa5 22. Ba1 Qb4 23. a4 c4 24. Nb5 Rab7 25. Bxg7 Kxg7 26. Nbd4 cxb3 27. Rxb3 Qxa4 28. Nc6 Re8 29. Qc3+ Kg8 30. Rb4 Qa6 31. Reb2 Nc5 32. Rd2 e6 33. dxe6 Rxe6 34. Nd8 Nxe4 35. Qd3 Nc5 36. Qxa6 Nxa6 37. Rb1 Nc4 38. Rxb7 Re8 39. Nxf7 Nc5 40. Nh6+ Kh8 41. Ra7 Ne6 42. Rda2 1-0

[Event "EU-ch Seniors 09th"]
[Site "Rogaska Slatina"]
[Date "2009.07.22"]
[Round "1"]
[White "Wittmann, Walter"]
[Black "Ozbilen, Hayri"]
[Result "1/2-1/2"]
[WhiteElo "2274"]
[BlackElo "2100"]
[PlyCount "67"]
[EventDate "2009.07.22"]
[EventType "swiss"]
[EventRounds "9"]
[EventCountry "SLO"]
[SourceTitle "CBM 131 Extra"]
[Source "ChessBase"]
[SourceDate "2009.09.03"]
[SourceVersion "2"]
[SourceVersionDate "2009.09.16"]
[SourceQuality "1"]

1. e4 e6 2. d4 d5 3. Nd2 c5 4. exd5 exd5 5. Ngf3 Nf6 6. Bb5+ Bd7 7. Bxd7+ Nbxd7 8. 0-0 Be7 9. dxc5 Nxc5 10. Nb3 Nxb3 11. axb3 0-0 12. Be3 a6 13. c3 Ng4 14. Bd4 Bf6 15. b4 Bxd4 16. Qxd4 Nf6 17. Rfe1 Re8 18. Rxe8+ Qxe8 19. Qb6 Rb8 20. Re1 Qd8 21. Qxd8+ Rxd8 22. Nd4 Rd6 23. f3 g6 24. Kf2 Rd7 25. Nb3 Rc7 26. Re5 Kg7 27. Ke3 Nd7 28. Rxd5 Nb6 29. Rc5 Re7+ 30. Kd2 Na4 31. Rc8 Nb6 32. Rc5 Na4 33. Rc8 Nb6 34. Rc5 1/2-1/2

[Event "EU-chT Seniors 11th"]
[Site "Velden"]
[Date "2009.04.12"]
[Round "8"]
[White "Winiwarter, Felix"]
[Black "Ozbilen, Hayri"]
[Result "1-0"]
[WhiteElo "2220"]
[BlackElo "2103"]
[PlyCount "63"]
[EventDate "2009.04.05"]
[EventType "team-swiss"]
[EventRounds "9"]
[EventCountry "AUT"]
[SourceTitle "CBM 129 Extra"]
[Source "ChessBase"]
[SourceDate "2009.05.05"]
[SourceVersion "2"]
[SourceVersionDate "2009.05.20"]
[SourceQuality "1"]

1. e4 c5 2. Nf3 Nc6 3. Nc3 d6 4. d4 cxd4 5. Nxd4 Nf6 6. Be2 e6 7. Be3 Be7 8. 0-0 0-0 9. f4 d5 10. e5 Nd7 11. Kh1 Bc5 12. Na4 Bxd4 13. Bxd4 Nxd4 14. Qxd4 f5 15. Rad1 Qa5 16. Nc3 a6 17. Bf3 Re8 18. Nxd5 exd5 19. Bxd5+ Kf8 20. e6 Nf6 21. Qe5 Qc5 22. Qxf5 Qe7 23. Rfe1 Kg8 24. Bb3 b6 25. Rd7 Qc5 26. Re5 Qf2 27. Rxg7+ Kh8 28. h3 Qh4 29. Rf7 Rg8 30. Re3 Bd7 31. Qe5 Bb5 32. Qxf6+ 1-0